| 000 | 00800nas a2200241 4500 | ||
|---|---|---|---|
| 001 | BR8304300 | ||
| 003 | BR-BrBNA | ||
| 005 | 20231205085647.0 | ||
| 007 | ta | ||
| 008 | 230509b bl.|||p| |||| 00| 00por d | ||
| 040 |
_aBR-BrBNA _bpor _cBiblioteca Nacional de Agricultura |
||
| 041 | _a(Pt) | ||
| 072 | _aL73 | ||
| 100 | 1 | _aThatcher, V.E. | |
| 100 | 1 | _aBoeger, W.A. | |
| 245 | 1 | _aPatologia de peixes da Amazonia brasileira, alteracoes histologicas em branquias provocadas por Ergasilus, Brasergasilus e Acusicola (Crustacea: Cyclopoida: Ergasilidae) | |
| 650 | _aPEIXE | ||
| 650 | _aDOENCA ANIMAL | ||
| 650 | _aAMAZONIA | ||
| 773 | 0 |
_tActa Amazonica (Brazil) _xISSN 0044-5967 _g(Apr 1983), v. 13(2) p. 441-451 _wBR8304300 |
|
| 909 |
_a202311 _bLúcia _c55 _dLúcia Elande |
||
| 942 |
_2AGRIS _n0 _cANA |
||
| 999 |
_c112875 _d112875 |
||